1532 1399 1342 1538 1558 1586 1226 1619 1924 1017 1846 1682 1964 1553 1010 1877 1906 1239 1510 1399 1661 1733 1641 1732 1194 1916 1534 1705 1671 1976 1844 1223 1126 1998 1240 1705 1381 1787 1790 1587 1268 1024 1100 1299 1986 1452 1126 1579 1138 1890 1974 1279 1032 1377 1586 1807 1467 1656 1559 1338 1230 1374 1465 1609 1530 1983 1093 1858 1328 1948 1199 1768 1584 1234 1379 1687 1362 1966 1013 1431 1072 1046 1675 1291 1139 1918 1993 1005 1109 1719 1812 1098 1466 1001 1639 1023 1846 1878 1975 BCNSPRNW ULIB Ver.6.0+V

เปลี่ยนเป็นภาษาไทย

Change to English
 แสดงรายละเอียดบรรณานุกรม
  กลับหน้าหลัก

Brief Record : Get Marc (ISO 2709) : E-mail record : QR code < ปิดหน้าต่าง
LEADER : 00000nam 2200000uu 4500
001    13399122753
003     ULIB
008    130912s2554||||th 000 0 tha d
020    ^a9786162340390
060 04 ^aWL100^bว181ส
100 0  ^aวรกร วีระกุล
245 10 ^aสมองดี มีชัยไปกว่าครึ่ง เทคนิคง่ายๆ บำรุง ดูแล พัฒนา /^cวรกร วีระกุล
250    ^aพิมพ์ครั้งที่ 1
260    ^aกรุงเทพฯ :^bfeel good publishing,^c2554
300    ^a192 หน้า :^bภาพประกอบ ;^c21 ซม.
650  4 ^aสมอง
650  4 ^aความคิด
650  4 ^aความจำ
650  4 ^aประสาท, ระบบ
945    ^p155^l0^i033986
945    ^p155^l0^i033987
945    ^p155^l0^i033988
999    ^aเกษร โพธิ์สุวรรณ
รายการนี้ยังไม่มีแท็ก
คุณยังไม่ได้ล็อกอิน คุณสามารถมีกิจกรรมร่วมกับเว็บไซต์ได้ แต่ต้องล็อกอินก่อน ::
  ล็อกอิน

รายการสื่อสารสนเทศ

ลำดับที่ ประเภท เลขเรียก/บาร์โค้ด สถานที่ สถานะ
1. วิทยาศาสตร์การแพทย์ และสุขภาพ
หนังสือสำรอง
สถานะ=หนังสือสำรอง
WL100 ว181ส ฉ.1 
  Barcode: 033986
ห้องสมุดวิทยาเขตสวรรค์ประชารักษ์
►ส่วนจัดเก็บหนังสือเก่า สปร
บนชั้น
  ขอยืม
2. วิทยาศาสตร์การแพทย์ และสุขภาพ
วิทยาศาสตร์การแพทย์ และสุขภาพ
WL100 ว181ส ฉ.2 
  Barcode: 033987
ห้องสมุดวิทยาเขตสวรรค์ประชารักษ์
►ส่วนจัดเก็บหนังสือเก่า สปร
บนชั้น
  ขอยืม
3. วิทยาศาสตร์การแพทย์ และสุขภาพ
วิทยาศาสตร์การแพทย์ และสุขภาพ
สถานะ=หนังสือเก่า
WL100 ว181ส ฉ.3 
  Barcode: 033988
ห้องสมุดวิทยาเขตสวรรค์ประชารักษ์
►ส่วนจัดเก็บหนังสือเก่า สปร
บนชั้น
  ขอยืม

รายการใกล้เคียง
    ผู้แต่ง [วรกร วีระกุล]

    หัวเรื่อง [สมอง]
    หัวเรื่อง [ความคิด]
    หัวเรื่อง [ความจำ]
    หัวเรื่อง [ประสาท, ระบบ]

BibComment


ยังไม่เคยถูกคอมเมนท์

คอมเมนท์ทรัพยากรรายการนี้
  คอมเมนท์: สมองดี มีชัยไปกว..


 Copyright 2026. Bcnsprnw @Library